[Event "Fagernes GM-A 2019"]
[Site "Fagernes"]
[Date "2019.04.19"]
[Round "7.3"]
[White "Alekseev, Evgeny"]
[Black "Blomqvist, Erik"]
[Result "1-0"]
[WhiteElo "2649"]
[BlackElo "2496"]
[Annotator "TA"]
[PlyCount "41"]
[EventDate "2019.04.14"]
[EventType "tourn"]
[EventCountry "NOR"]
[SourceTitle "playchess.com"]
[Source "ChessBase"]
[SourceQuality "1"]

{[%evp 9,41,28,45,12,35,34,40,37,58,22,43,0,15,8,41,50,75,65,75,72,77,77,75,66,98,97,163,154,154,131,305,297,802,543]} 1. e4 c5 2. Nf3 e6 3. d4 cxd4 4. Nxd4 Nc6 5. Nc3 a6 6. Qd3 {B46: Sicilian: Taimanov: 5 Nc3 a6} (6. g3 {feels hotter.} Qc7 7. Bg2 Nf6 8. O-O h5 9. Nf3) (6. Be3 Nf6 7. Bd3 Qc7 8. O-O h5 9. h3 b5 10. Qd2 Bb7 11. Rae1 Ne5 12. f4 Nc4 13. Bxc4 Qxc4 14. e5 Ne4 15. Nxe4 Bxe4 16. b3 Qd5 17. Rd1 Rc8 {0-1 (44) Vachier Lagrave,M (2778)-Kamsky,G (2666) Germany 2019}) 6... d6 7. Nxc6 bxc6 8. Qg3 {White is slightly better.} Nf6 $146 ({Predecessor:} 8... Qc7 9. Bd3 Nf6 10. O-O e5 11. Bc4 Be6 12. Bxe6 fxe6 13. f4 exf4 14. Bxf4 {1-0 (52) Sadzikowski,D (2548)-Kruszynski,W (2316) Katowice 2017}) 9. Bd3 e5 10. h4 Nh5 11. Qf3 g6 12. Bc4 $36 {[%csl Gc4][%cal Rf3f7][%mdl 2048] [#] White is pushing.} Qf6 13. Qe3 {aiming for Qb6.} Nf4 14. Qb6 Bd7 15. g3 Ne6 16. Be3 Bg7 17. O-O-O Qe7 (17... Nd4 $16 {was necessary.}) 18. Bxe6 $18 ({Worse is} 18. Bxa6 O-O $15) 18... Qxe6 19. Qc7 Ke7 $2 {[#]} (19... Rc8 $16 20. Qxd6 Qxd6 21. Rxd6 Bg4) 20. Qa5 $1 Qc4 $2 (20... Ke8 21. Kb1 f5) 21. b3 {Accuracy: White = 67%, Black = 10%.} ({Not} 21. Bg5+ f6 $16) 1-0

[Event "Fagernes GM-A 2019"]
[Site "Fagernes"]
[Date "2019.04.19"]
[Round "7.4"]
[White "Romanov, Evgeny"]
[Black "Sisatto, Olli"]
[Result "1/2-1/2"]
[WhiteElo "2576"]
[BlackElo "2276"]
[Annotator "TA"]
[PlyCount "104"]
[EventDate "2019.04.14"]
[EventType "tourn"]
[EventCountry "NOR"]
[SourceTitle "playchess.com"]
[Source "ChessBase"]
[SourceQuality "1"]

{[%evp 17,104,7,25,6,21,3,8,7,9,6,12,11,15,15,0,8,0,-8,8,0,0,0,0,0,1,-48,0,0,0,-8,11,0,0,8,30,25,55,16,42,0,0,-42,-42,-40,-36,-65,-65,-65,-58,-65,-58,-43,-27,-45,-5,-5,-5,-12,0,-49,-50,-57,0,0,0,0,0,0,0,0,0,0,0,0,0,0,0,0,0,0,0,0,0,0,0,0,0,0,0]} 1. Nf3 d5 2. d4 Nf6 3. c4 e6 4. Bg5 Be7 5. e3 h6 6. Bxf6 Bxf6 7. Nc3 O-O 8. Qc2 c5 9. dxc5 Qa5 10. Rc1 {D55: Queen's Gambit Declined: 4 Bg5 Be7: Lines without ...h6 and 6...h6 7 Bxf6} (10. cxd5 exd5 11. Be2 Nc6 12. O-O Qxc5 13. Rac1 Qa5 14. Qb3 Ne7 15. Rfd1 Be6 16. Nd4 Bxd4 17. Rxd4 Nc6 18. Ra4 Qc5 19. Qb5 Qxb5 20. Bxb5 Rfc8 21. Bxc6 bxc6 {½-½ (45) Xu,Y (2523)-Andreikin,D (2736) China 2016}) 10... Nc6 11. a3 d4 12. exd4 Nxd4 13. Nxd4 Bxd4 14. Be2 Qxc5 15. O-O Bd7 16. b4 {[#]} Qe5 $146 ({Predecessor:} 16... Qc7 17. Qe4 e5 {½-½ (27) Piket,J (2615)-Kortschnoj,V (2575) Tilburg 1992}) 17. Rfe1 Rac8 18. Bf3 Qc7 19. Ne4 Bc6 20. c5 Rcd8 21. Nd2 Qf4 {[#] aiming for ...Bxf2+!} 22. Re2 Bb5 23. Nc4 Bf6 {Threatens to win with ...Qxc4.} 24. Re4 Qc7 25. Ree1 Bxc4 26. Qxc4 Rd2 27. Qe4 (27. Rcd1 $5 {[%cal Rd1d2]} Rfd8 28. g3 $14) 27... Bd4 28. Red1 Bxf2+ 29. Kh1 (29. Kf1 $5 {[%cal Rd1d2]} Qxh2 30. Rxd2 Qg1+ 31. Ke2 Qxc1 32. Rd1 Qb2+ 33. Rd2 $11) 29... Rxd1+ 30. Rxd1 Rd8 $1 31. Rxd8+ Qxd8 32. Qxb7 Qd2 {[%cal Rd2e1] [#]} 33. Qa8+ Kh7 {[%cal Rd2e1]} 34. Qe4+ f5 {( -> ...Qc1+)} 35. Qb1 Qc3 36. Bd5 Qe5 37. Bc4 Bd4 38. c6 Bb6 39. a4 a5 (39... Kg6 $15) 40. b5 $11 {The position is equal.} Bc7 {[%csl Gc7][%cal Re5h2]} 41. g3 Bb6 42. Qd3 h5 43. Kg2 Kh6 44. h4 g6 45. Qe2 (45. Qd2+ {with more complications.} Kg7 46. Be2 Bc7 47. Qd3 Kf6 48. Kh3) 45... Qxe2+ 46. Bxe2 {[%mdl 4096] Endgame KB-KB} Kg7 47. Bc4 Kf6 48. Kf3 Ke5 49. Bb3 Bc7 50. Ba2 Bb6 51. Bb3 Bc7 52. Ba2 Bb6 {Accuracy: White = 54%, Black = 62%.} 1/2-1/2

[Event "Fagernes GM-A 2019"]
[Site "Fagernes"]
[Date "2019.04.19"]
[Round "7.5"]
[White "Urkedal, Frode Olav Olsen"]
[Black "Mikalsen, Erlend"]
[Result "1-0"]
[WhiteElo "2513"]
[BlackElo "2397"]
[Annotator "RC"]
[PlyCount "151"]
[EventDate "2019.04.14"]
[EventType "tourn"]
[EventCountry "NOR"]
[SourceTitle "playchess.com"]
[Source "ChessBase"]
[SourceQuality "1"]
[TimeControl "40/7200:3600"]

1. d4 {[%emt 0:00:04]} Nf6 {[%emt 0:00:16]} 2. Nf3 {[%emt 0:00:23]} b6 {[%emt 0:01:18]} 3. c4 {[%emt 0:00:26]} e6 {[%emt 0:00:10]} 4. g3 {[%emt 0:00:03]} Ba6 {[%emt 0:00:26]} 5. Nbd2 {[%emt 0:00:05]} Bb7 {[%emt 0:01:31]} 6. Bg2 {[%emt 0:00:57]} Be7 {[%emt 0:01:09]} 7. O-O {[%emt 0:08:16]} O-O {[%emt 0:01:42]} 8. Re1 {[%emt 0:05:32]} d5 {[%emt 0:04:48]} 9. cxd5 {[%emt 0:00:15]} exd5 {[%emt 0:03:31]} 10. b3 {[%emt 0:00:14]} Nbd7 {[%emt 0:07:24]} 11. Bb2 {[%emt 0:00:12]} Ne4 {[%emt 0:00:46]} 12. Rc1 {[%emt 0:01:54]} Ndf6 {[%emt 0:05:21]} 13. Ne5 {[%emt 0:03:05]} c5 {[%emt 0:07:16]} 14. Nd3 {[%emt 0:10:31]} Rc8 {[%emt 0:03:49]} 15. dxc5 {[%emt 0:02:46]} bxc5 {[%emt 0:00:15]} 16. Nxe4 {[%emt 0:01:02]} Nxe4 {[%emt 0:00:12]} 17. Nf4 {[%emt 0:01:27]} Bf6 {[%emt 0:08:18]} 18. Bxe4 {[%emt 0:02:45]} dxe4 {[%emt 0:02:26]} 19. Qxd8 {[%emt 0:00:17]} Bxd8 {[%emt 0:00:27]} 20. Red1 {[%emt 0:03:19]} Bb6 {[%emt 0:04:41]} 21. Nd5 {[%emt 0:14:16]} Rfe8 {[%emt 0:01:38]} 22. Ne3 {[%emt 0:01:37]} Rcd8 {[%emt 0:05:35]} 23. Nf5 {[%emt 0:12:21]} f6 {[%emt 0:00:47]} 24. Nd6 {[%emt 0:01:05]} Re7 {[%emt 0:00:05]} 25. Nxb7 {[%emt 0:00:04]} Rxd1+ {[%emt 0:00:06]} 26. Rxd1 {[%emt 0:00:05]} Rxb7 {[%emt 0:00:03]} 27. Ba3 {[%emt 0:00:57]} Kf7 {[%emt 0:02:52]} 28. Rc1 {[%emt 0:02:56]} Rc7 {[%emt 0:01:52]} 29. Rc4 {[%emt 0:08:23]} f5 {[%emt 0:00:31]} 30. Kg2 {[%emt 0:04:12]} Ke6 {[%emt 0:01:20]} 31. f3 {[%emt 0:00:25]} Kd5 {[%emt 0:00:25]} 32. fxe4+ {[%emt 0:04:37]} fxe4 {[%emt 0:00:04]} 33. Bc1 {[%emt 0:00:48]} Rc6 {[%emt 0:02:21]} 34. Be3 {[%emt 0:02:27]} Bc7 {[%emt 0:06:51]} 35. Ra4 {[%emt 0:02:08]} Bb6 {[%emt 0:01:00]} 36. Kf2 {[%emt 0:04:17]} Rf6+ {[%emt 0:01:46]} 37. Kg2 {[%emt 0:01:26]} Rc6 {[%emt 0:00:16]} 38. h4 {[%emt 0:01:11]} h5 {[%emt 0:01:18]} 39. g4 {[%emt 0:04:02]} g6 {[%emt 0:03:32]} 40. Kg3 {[%emt 0:02:52]} Bc7+ {[%emt 0:06:20]} 41. Bf4 {[%emt 1:04:23]} Bb6 {[%emt 1:00:30]} 42. Rc4 {[%emt 0:00:00]} Re6 {[%emt 0:00:00]} 43. g5 {[%emt 0:00:00]} Ba5 {[%emt 0:00:00]} 44. Rc1 {[%emt 0:00:00]} e3 {[%emt 0:00:00]} 45. Kf3 {[%emt 0:00:00]} Bd2 {[%emt 0:00:00]} 46. Rc4 {[%emt 0:00:00]} Ra6 {[%emt 0:00:00]} 47. Re4 {[%emt 0:00:00]} Rxa2 {[%emt 0:00:00]} 48. Re5+ {[%emt 0:00:00]} Kd4 {[%emt 0:00:00]} 49. Re6 {[%emt 0:00:00]} Kc3 {[%emt 0:00:00]} 50. Rxg6 {[%emt 0:00:00]} Kxb3 {[%emt 0:00:00]} 51. Rh6 {[%emt 0:00:00]} Ra1 {[%emt 0:00:00]} 52. g6 {[%emt 0:00:00]} Rg1 {[%emt 0:00:00]} 53. Bg3 {[%emt 0:00:00]} Rf1+ {[%emt 0:00:00]} 54. Kg2 {[%emt 0:00:00]} Rf8 {[%emt 0:00:00]} 55. Rxh5 {[%emt 0:00:00]} c4 {[%emt 0:00:00]} 56. Be5 {[%emt 0:00:00]} Bc3 {[%emt 0:00:00]} 57. g7 {[%emt 0:00:00]} Rg8 {[%emt 0:00:00]} 58. Bxc3 {[%emt 0:00:00]} Kxc3 {[%emt 0:00:00]} 59. Rg5 {[%emt 0:00:00]} Kd2 {[%emt 0:00:00]} 60. h5 {[%emt 0:00:00]} c3 {[%emt 0:00:00]} 61. h6 {[%emt 0:00:00]} c2 {[%emt 0:00:00]} 62. h7 {[%emt 0:00:00]} Rxg7 {[%emt 0:00:00]} 63. Rxg7 {[%emt 0:00:00]} c1=Q {[%emt 0:00:00]} 64. h8=Q {[%emt 0:00:00]} Qc6+ {[%emt 0:00:00]} 65. Kh2 {[%emt 0:00:00]} Qd6+ {[%emt 0:00:00]} 66. Rg3 {[%emt 0:00:00]} Qf4 {[%emt 0:00:00]} 67. Qh5 {[%emt 0:00:33]} Ke1 {[%emt 0:03:50]} 68. Qf3 {[%emt 0:00:01]} Qh6+ {[%emt 0:00:17]} 69. Kg2 {[%emt 0:00:01]} Kd2 {[%emt 0:00:18]} 70. Rg4 {[%emt 0:00:10]} Qb6 {[%emt 0:00:13]} 71. Rg5 {[%emt 0:00:07]} Qe6 {[%emt 0:03:09]} 72. Qd5+ {[%emt 0:00:01]} Qxd5+ {[%emt 0:00:02]} 73. Rxd5+ {[%emt 0:00:01]} Kxe2 {[%emt 0:00:01]} 74. Ra5 {[%emt 0:00:01]} Kd2 {[%emt 0:00:48]} 75. Rxa7 {[%emt 0:00:04]} e2 {[%emt 0:00:07]} 76. Ra2+ {[%emt 0:00:01]} 1-0

[Event "Fagernes GM-A 2019"]
[Site "Fagernes"]
[Date "2019.04.19"]
[Round "7.6"]
[White "Vestby-Ellingsen, Mads"]
[Black "Royset, Pal"]
[Result "1/2-1/2"]
[WhiteElo "2333"]
[BlackElo "2167"]
[Annotator "TA"]
[PlyCount "126"]
[EventDate "2019.04.14"]
[EventType "tourn"]
[EventCountry "NOR"]
[SourceTitle "playchess.com"]
[Source "ChessBase"]
[SourceQuality "1"]

{[%evp 15,126,22,13,22,13,9,29,35,51,18,16,15,43,1,13,8,7,0,0,0,27,29,38,0,0,0,0,0,0,0,0,-55,-68,-73,-60,-64,-37,-50,-35,-50,-50,-40,-43,-63,-22,-14,-22,-53,-48,-59,-10,-11,0,-32,0,0,0,0,0,0,0,0,0,0,0,0,26,-8,-3,-48,0,-20,-5,-8,0,0,0,-17,0,-49,0,-34,0,-72,0,-72,-67,-99,-99,-139,-132,-183,-193,-184,-187,-175,0,-160,-127,-117,-121,-139,-13,-93,-87,-139,-125,-137,-72,-136,-101,-262,-65]} 1. e4 c5 2. Nf3 d6 3. d4 cxd4 4. Qxd4 Nc6 5. Bb5 Bd7 6. Bxc6 bxc6 7. c4 e5 8. Qd3 Nf6 9. Nc3 {B53: Sicilian: 2...d6: Lines with Qxd4} Be7 (9... Qc7 10. Bg5 Nh5 11. O-O h6 12. Be3 Be6 13. Rac1 Rd8 14. h3 Qb8 15. c5 d5 16. exd5 cxd5 {1-0 (44) Haddouche,M (2438)-Adu,O (2273) Abidjan 2018}) 10. c5 Qc7 11. cxd6 {White has an edge.} Qxd6 12. Qe3 $146 ({Predecessor:} 12. Qxd6 Bxd6 13. Bg5 Rb8 14. O-O-O Bc7 15. Be3 a6 16. Bc5 Bg4 {½-½ (32) D'Amore,E (2177)-Andreoli,M (2041) Napoli 2005}) 12... O-O 13. O-O Bd8 14. Na4 (14. Rd1 $5 {[%cal Rd1d6]} Qe7 15. h3 $11) 14... Re8 15. b3 Bg4 16. Nd2 Be6 17. Bb2 Nd7 18. Rfd1 Bb6 19. Nxb6 (19. Qg3 {keeps more tension.} Qc7 20. Nf1 f6 21. Rac1 Nf8 22. Qc3) 19... axb6 20. Nc4 Qc7 21. Nd6 Red8 22. Rd2 f6 23. Nf5 (23. f4 $1 $11) 23... Nc5 $36 {[%mdl 2048] Threatens to win with ...Rxd2. White is under pressure.} 24. Ng3 Rxd2 25. Qxd2 Rd8 26. Qc2 Qd7 27. h3 Na6 28. Bc3 c5 29. Nf1 Qd3 30. Qxd3 Rxd3 31. Rc1 Kf7 32. Ne3 b5 33. Be1 g6 34. g4 Ke7 35. Kf1 h5 36. Ke2 Rd8 37. f3 hxg4 38. hxg4 Rh8 39. Bg3 Rh3 40. Kf2 g5 41. Nc2 Rh8 42. Ke2 Kd6 43. Rd1+ Kc6 44. Rc1 Kd6 45. Rd1+ Kc6 46. Rc1 Kd6 47. Na3 Bd7 (47... b4 {is more complex.} 48. Nc2 Ra8 49. Bf2 Nc7 50. a3 c4) 48. Nc2 Be6 49. Rg1 (49. Rd1+ $11 {keeps the balance.} Ke7 50. Bf2) 49... Kc6 (49... Nc7 $17) 50. Rd1 (50. Rc1 $11) 50... Nc7 $17 51. Bf2 Ra8 $1 {[%cal Ra8a2]} 52. Ra1 b4 53. Be1 (53. Kd3 $17) 53... Nb5 $19 54. Kd3 Rd8+ 55. Ke2 Ra8 56. Kd3 $1 Nd4 57. Nxd4+ exd4 $17 {[%mdl 4096] Endgame KRB-KRB} 58. Rc1 {Strongly threatening Bxb4.} Kb5 (58... Kb6 $1 $17 59. Bg3 Rxa2) 59. Rc2 (59. Bg3 $1 $11) 59... Rh8 {Hoping for ...Rh3.} 60. Bg3 ({White should try} 60. Rd2) 60... Rh3 61. Rg2 Rh1 (61... Bg8 $142 62. Kc2 Bf7) 62. Rc2 (62. Rb2 $142) 62... Rf1 $1 {[%cal Rf1f3]} 63. Bf2 $2 {[#]} (63. Rf2 $17 {was worth a try.} Rc1 64. Rc2 c4+ {[%mdl 64] X-Ray Attack} 65. bxc4+ Bxc4+ 66. Kd2) 63... Bf7 $2 {Accuracy: White = 44%, Black = 42%.} (63... Rb1 $1 $19 64. Ke2 {[#]} Bxb3 $1 {[%mdl 512]} 65. axb3 Rxb3) 1/2-1/2

[Event "Fagernes GM-A 2019"]
[Site "Fagernes"]
[Date "2019.04.19"]
[Round "7.7"]
[White "Postny, Evgeny"]
[Black "Nielsen, Andre"]
[Result "1-0"]
[WhiteElo "2612"]
[BlackElo "2201"]
[Annotator "RC"]
[PlyCount "71"]
[EventDate "2019.04.14"]
[EventType "tourn"]
[EventCountry "NOR"]
[SourceTitle "playchess.com"]
[Source "ChessBase"]
[SourceQuality "1"]
[TimeControl "40/7200:3600"]

1. Nf3 {[%emt 0:01:05]} d5 {[%emt 0:00:56]} 2. d4 {[%emt 0:00:06]} Nf6 {[%emt 0:00:37]} 3. c4 {[%emt 0:00:07]} e6 {[%emt 0:00:33]} 4. Nc3 {[%emt 0:00:07]} Be7 {[%emt 0:01:40]} 5. Bg5 {[%emt 0:00:12]} O-O {[%emt 0:01:02]} 6. e3 {[%emt 0:00:06]} h6 {[%emt 0:14:29]} 7. Bh4 {[%emt 0:00:07]} Ne4 {[%emt 0:01:25]} 8. Bxe7 {[%emt 0:01:44]} Qxe7 {[%emt 0:00:51]} 9. Rc1 {[%emt 0:04:35]} Nxc3 {[%emt 0:03:40]} 10. Rxc3 {[%emt 0:00:04]} c6 {[%emt 0:03:33]} 11. Qc2 {[%emt 0:03:57]} Nd7 {[%emt 0:02:17]} 12. cxd5 {[%emt 0:00:23]} exd5 {[%emt 0:05:28]} 13. Bd3 {[%emt 0:00:19]} Nf6 {[%emt 0:04:34]} 14. O-O {[%emt 0:01:21]} Re8 {[%emt 0:02:25]} 15. Ne5 {[%emt 0:03:13]} Ng4 {[%emt 0:16:32]} 16. f4 {[%emt 0:01:49]} c5 {[%emt 0:02:09]} 17. Bb5 {[%emt 0:16:46]} Rd8 {[%emt 0:07:23]} 18. Nxg4 {[%emt 0:06:22]} Bxg4 {[%emt 0:00:31]} 19. dxc5 {[%emt 0:00:06]} a6 {[%emt 0:02:06]} 20. Ba4 {[%emt 0:00:58]} d4 {[%emt 0:07:02]} 21. exd4 {[%emt 0:00:49]} Rxd4 {[%emt 0:00:23]} 22. Rg3 {[%emt 0:12:29]} Rad8 {[%emt 0:05:11]} 23. Rxg4 {[%emt 0:07:30]} Qe3+ {[%emt 0:00:29]} 24. Kh1 {[%emt 0:00:08]} Rxa4 {[%emt 0:00:19]} 25. Qxa4 {[%emt 0:00:46]} Qe2 {[%emt 0:00:17]} 26. Rxg7+ {[%emt 0:06:52]} Kxg7 {[%emt 0:00:15]} 27. Rg1 {[%emt 0:00:07]} Qxb2 {[%emt 0:01:37]} 28. Qe4 {[%emt 0:00:11]} Qxa2 {[%emt 0:09:30]} 29. Qxb7 {[%emt 0:02:31]} Qc2 {[%emt 0:00:24]} 30. Qxa6 {[%emt 0:02:35]} Rd1 {[%emt 0:04:11]} 31. Qa3 {[%emt 0:04:33]} Qd2 {[%emt 0:09:41]} 32. h3 {[%emt 0:01:21]} Rxg1+ {[%emt 0:00:33]} 33. Kxg1 {[%emt 0:00:05]} Qd4+ {[%emt 0:01:06]} 34. Kh2 {[%emt 0:00:08]} Kh7 {[%emt 0:01:18]} 35. Qc1 {[%emt 0:00:07]} Qd7 {[%emt 0:02:02]} 36. Qc3 {[%emt 0:02:01]} 1-0

[Event "Fagernes GM-A 2019"]
[Site "Fagernes"]
[Date "2019.04.19"]
[Round "7.8"]
[White "Efroimski, Marsel"]
[Black "Vorobiov, Evgeny E."]
[Result "1/2-1/2"]
[WhiteElo "2287"]
[BlackElo "2565"]
[Annotator "ChessBase"]
[PlyCount "89"]
[EventDate "2019.04.14"]
[EventType "tourn"]
[EventCountry "NOR"]
[SourceTitle "playchess.com"]
[Source "ChessBase"]
[SourceQuality "1"]
[TimeControl "40/7200:3600"]

1. e4 {[%emt 0:01:41]} c5 {[%emt 0:00:06]} 2. Nf3 {[%emt 0:00:03]} e6 {[%emt 0:00:05]} 3. d4 {[%emt 0:01:41]} cxd4 {[%emt 0:00:07]} 4. Nxd4 {[%emt 0:00:01]} Nf6 {[%emt 0:00:12]} 5. Nc3 {[%emt 0:00:12]} d6 {[%emt 0:00:06]} 6. g3 {[%emt 0:08:07]} Nc6 {[%emt 0:01:41]} 7. Bg2 {[%emt 0:00:07]} Bd7 {[%emt 0:00:13]} 8. O-O {[%emt 0:00:30]} Be7 {[%emt 0:00:42]} 9. b3 {[%emt 0:02:48]} O-O {[%emt 0:02:34]} 10. Bb2 {[%emt 0:10:59]} a6 {[%emt 0:01:24]} 11. Nxc6 {[%emt 0:07:36]} Bxc6 {[%emt 0:00:26]} 12. Re1 {[%emt 0:12:43]} Qc7 {[%emt 0:03:38]} 13. Qe2 {[%emt 0:04:16]} b5 {[%emt 0:01:03]} 14. Rad1 {[%emt 0:18:09]} b4 {[%emt 0:06:06]} 15. Nb1 {[%emt 0:01:04]} a5 {[%emt 0:03:59]} 16. a4 {[%emt 0:03:32]} Nd7 {[%emt 0:07:06]} 17. Nd2 {[%emt 0:05:19]} Rac8 {[%emt 0:03:13]} 18. Nc4 {[%emt 0:07:39]} Rfd8 {[%emt 0:11:52]} 19. Rd2 {[%emt 0:06:32]} Nb6 {[%emt 0:12:47]} 20. Ne3 {[%emt 0:04:24]} Bf8 {[%emt 0:05:52]} 21. Qh5 {[%emt 0:02:02]} Nd7 {[%emt 0:12:58]} 22. Ng4 {[%emt 0:00:39]} f6 {[%emt 0:01:56]} 23. Bf1 {[%emt 0:06:20]} Nc5 {[%emt 0:01:15]} 24. Bc4 {[%emt 0:01:25]} Qf7 {[%emt 0:01:26]} 25. Qxf7+ {[%emt 0:02:49]} Kxf7 {[%emt 0:00:06]} 26. f3 {[%emt 0:00:23]} Bxa4 {[%emt 0:05:35]} 27. Ra1 {[%emt 0:00:17]} Bc6 {[%emt 0:00:50]} 28. Rxa5 {[%emt 0:00:08]} Ra8 {[%emt 0:00:17]} 29. Rxa8 {[%emt 0:00:08]} Rxa8 {[%emt 0:00:04]} 30. c3 {[%emt 0:01:53]} bxc3 {[%emt 0:07:43]} 31. Bxc3 {[%emt 0:00:01]} Rb8 {[%emt 0:00:30]} 32. Ne3 {[%emt 0:00:47]} g6 {[%emt 0:10:04]} 33. Ra2 {[%emt 0:00:18]} Rb7 {[%emt 0:00:22]} 34. Ra3 {[%emt 0:01:35]} Bh6 {[%emt 0:01:59]} 35. Bd4 {[%emt 0:00:15]} Ke7 {[%emt 0:00:30]} 36. Kf2 {[%emt 0:00:43]} Kd7 {[%emt 0:01:46]} 37. Bxf6 {[%emt 0:00:41]} Bxe4 {[%emt 0:01:38]} 38. Ng4 {[%emt 0:00:08]} Bc1 {[%emt 0:00:16]} 39. Ra1 {[%emt 0:00:22]} h5 {[%emt 0:00:25]} 40. Ne5+ {[%emt 0:01:19]} dxe5 {[%emt 0:01:30]} 41. Rxc1 {[%emt 1:00:09]} Bf5 {[%emt 1:02:03]} 42. Rd1+ {[%emt 0:00:00]} Ke8 {[%emt 0:00:00]} 43. Rd8+ {[%emt 0:00:00]} Kf7 {[%emt 0:00:00]} 44. Bxe5 {[%emt 0:00:00]} Nxb3 {[%emt 0:00:00]} 45. Rb8 {[%emt 0:00:00]} 1/2-1/2

[Event "Fagernes GM-A 2019"]
[Site "Fagernes"]
[Date "2019.04.19"]
[Round "7.9"]
[White "Galinsky, Timofey"]
[Black "Mihajlov, Sebastian"]
[Result "1/2-1/2"]
[WhiteElo "2378"]
[BlackElo "2361"]
[Annotator "TA"]
[PlyCount "20"]
[EventDate "2019.04.14"]
[EventType "tourn"]
[EventCountry "NOR"]
[SourceTitle "playchess.com"]
[Source "ChessBase"]
[SourceQuality "1"]

{[%evp 14,20,23,12,18,0,18,-13,-20]} 1. d4 Nf6 2. c4 c6 3. Nc3 d5 4. cxd5 cxd5 5. Nf3 Nc6 6. Bf4 Bf5 7. e3 e6 8. Rc1 Bd6 {The position is equal. D14: Slav Defence: Exchange variation with ...Bf5} (8... Rc8 9. Be2 Bd6 10. Bxd6 Qxd6 11. Nh4 Bg6 12. O-O O-O 13. Nxg6 hxg6 14. Qd2 Qd7 15. Rfd1 Ne7 16. Bb5 {½-½ (26) Ma,Q (2645)-Bu,X (2725) China 2018}) 9. Bb5 O-O 10. O-O Bxf4 $146 ({Predecessor:} 10... Rc8 11. Ne5 Bxe5 12. dxe5 Nd7 13. Qa4 Nb6 14. Qa3 {½-½ (14) Lehmann,W (2048)-Iclicki,W (1970) Radebeul 2016}) 1/2-1/2

[Event "Fagernes GM-A 2019"]
[Site "Fagernes"]
[Date "2019.04.19"]
[Round "7.10"]
[White "Notkevich, Benjamin Arvola"]
[Black "Gullaksen, Eirik"]
[Result "0-1"]
[WhiteElo "2495"]
[BlackElo "2324"]
[Annotator "ChessBase"]
[PlyCount "92"]
[EventDate "2019.04.14"]
[EventType "tourn"]
[EventCountry "NOR"]
[SourceTitle "playchess.com"]
[Source "ChessBase"]
[SourceQuality "1"]
[TimeControl "40/7200:3600"]

1. e4 {[%emt 0:01:10]} c5 {[%emt 0:00:13]} 2. Nf3 {[%emt 0:00:08]} Nc6 {[%emt 0:00:16]} 3. d4 {[%emt 0:00:07]} cxd4 {[%emt 0:00:19]} 4. Nxd4 {[%emt 0:00:07]} e5 {[%emt 0:00:24]} 5. Nb5 {[%emt 0:00:05]} d6 {[%emt 0:00:13]} 6. N1c3 {[%emt 0:00:05]} a6 {[%emt 0:00:25]} 7. Na3 {[%emt 0:00:05]} Be7 {[%emt 0:00:15]} 8. Nc4 {[%emt 0:00:12]} b5 {[%emt 0:00:25]} 9. Ne3 {[%emt 0:00:06]} Nf6 {[%emt 0:00:21]} 10. Bd3 {[%emt 0:00:28]} O-O {[%emt 0:00:24]} 11. O-O {[%emt 0:00:04]} Rb8 {[%emt 0:00:46]} 12. Ned5 {[%emt 0:02:15]} Nxd5 {[%emt 0:03:08]} 13. Nxd5 {[%emt 0:00:04]} Bg5 {[%emt 0:02:45]} 14. Bxg5 {[%emt 0:01:07]} Qxg5 {[%emt 0:00:12]} 15. c3 {[%emt 0:00:25]} Qd8 {[%emt 0:06:55]} 16. Qe2 {[%emt 0:17:41]} Be6 {[%emt 0:08:34]} 17. a4 {[%emt 0:01:48]} Bxd5 {[%emt 0:00:51]} 18. exd5 {[%emt 0:00:04]} Ne7 {[%emt 0:00:10]} 19. axb5 {[%emt 0:17:08]} axb5 {[%emt 0:00:39]} 20. Ra7 {[%emt 0:02:41]} Nxd5 {[%emt 0:12:45]} 21. Bxh7+ {[%emt 0:01:08]} Kh8 {[%emt 0:00:21]} 22. Bc2 {[%emt 0:05:48]} Nf6 {[%emt 0:01:43]} 23. Rd1 {[%emt 0:09:01]} Kg8 {[%emt 0:06:22]} 24. g4 {[%emt 0:13:26]} g6 {[%emt 0:11:35]} 25. Qf3 {[%emt 0:04:53]} b4 {[%emt 0:08:35]} 26. Ra6 {[%emt 0:10:15]} Qc8 {[%emt 0:05:36]} 27. Qxf6 {[%emt 0:19:23]} Qxg4+ {[%emt 0:01:20]} 28. Kh1 {[%emt 0:02:46]} b3 {[%emt 0:00:08]} 29. Rg1 {[%emt 0:03:13]} Qxg1+ {[%emt 0:00:51]} 30. Kxg1 {[%emt 0:00:06]} bxc2 {[%emt 0:00:08]} 31. Ra1 {[%emt 0:00:41]} Rxb2 {[%emt 0:00:08]} 32. Rc1 {[%emt 0:00:21]} Rb1 {[%emt 0:00:12]} 33. Qg5 {[%emt 0:00:09]} Rc8 {[%emt 0:00:05]} 34. Kg2 {[%emt 0:01:34]} Rxc1 {[%emt 0:00:12]} 35. Qxc1 {[%emt 0:00:04]} Rxc3 {[%emt 0:00:09]} 36. h4 {[%emt 0:00:26]} f6 {[%emt 0:02:38]} 37. Kf1 {[%emt 0:00:15]} d5 {[%emt 0:00:28]} 38. Ke2 {[%emt 0:00:02]} d4 {[%emt 0:00:23]} 39. Kd2 {[%emt 0:00:01]} e4 {[%emt 0:01:09]} 40. Ke2 {[%emt 0:00:01]} Kf7 {[%emt 0:01:03]} 41. Ke1 {[%emt 0:03:52]} Ke6 {[%emt 0:01:13]} 42. Ke2 {[%emt 0:00:20]} Kd5 {[%emt 0:00:24]} 43. Ke1 {[%emt 0:00:12]} f5 {[%emt 0:01:04]} 44. Ke2 {[%emt 0:01:01]} f4 {[%emt 0:00:33]} 45. Ke1 {[%emt 0:01:09]} Kc4 {[%emt 0:00:53]} 46. Kf1 {[%emt 0:03:14]} d3 {[%emt 0:01:33]} 0-1